1808 1945 1256 1718 1679 1594 1836 1107 1327 1546 1599 1543 1133 1018 1037 1186 1635 1789 1917 1548 1694 1718 1087 1544 1077 1172 1924 1934 1725 1318 1035 1608 1637 1562 1902 1149 1251 1125 1692 1755 1759 1445 1643 1740 1331 1130 1563 1038 1134 1754 1711 1632 1771 1302 1426 1231 1985 1868 1056 1996 1666 1755 1864 1430 1394 1034 1086 1067 1423 1320 1425 1035 1228 1037 1511 1672 1159 1406 1220 1021 1019 1719 1721 1964 1155 1995 1835 1991 1933 1347 1060 1620 1446 1242 1862 1281 1319 1988 1786 BCNSPRNW ULIB Ver.6.0+V

เปลี่ยนเป็นภาษาไทย

Change to English
 แสดงรายละเอียดบรรณานุกรม
  กลับหน้าหลัก

Brief Record : Get Marc (ISO 2709) : E-mail record : QR code < ปิดหน้าต่าง
LEADER : 00000nam 2200000uu 4500
001    13399124510
003     ULIB
008    150817s2556 th a 000 0 tha d
020    9789749804889
090    นว.^bว720ช ล.พิเศษ
100    วิลเลียม แอนเดอร์สัน;^eเขียน
245    ชีวิตต้องสู้.^bชีวประวัติ ลอร่า อิงกัลล์ส ไวล์เดอร์/^cวิลเลียม แอนเดอร์สัน. ; เขียน ,ปัทมา อินทรรักขา. ; แปล
250    พิมพ์ครั้งที่ 6
260    กรุงเทพฯ :^bแพรวเยาวชน,^c2556
300    233 หน้า;^b18.5 ซม.
500    หนังสือชุดบ้านเล็ก
700    ปัทมา อินทรรักขา ;^eแปล
945    ^p165^l0^i039783
999    ^aทศพร
รายการนี้ยังไม่มีแท็ก
คุณยังไม่ได้ล็อกอิน คุณสามารถมีกิจกรรมร่วมกับเว็บไซต์ได้ แต่ต้องล็อกอินก่อน ::
  ล็อกอิน

รายการสื่อสารสนเทศ

ลำดับที่ ประเภท เลขเรียก/บาร์โค้ด สถานที่ สถานะ
1. นวนิยาย
นวนิยาย
นว. ว720ช ล.พิเศษ ฉ.1 
  Barcode: 039783
ห้องสมุดวิทยาเขตสวรรค์ประชารักษ์
►นวนิยาย
บนชั้น
  ขอยืม

BibComment


ยังไม่เคยถูกคอมเมนท์

คอมเมนท์ทรัพยากรรายการนี้
  คอมเมนท์: ชีวิตต้องสู้ ชีวป..


 Copyright 2026. Bcnsprnw @Library